Normal view
MARC view
Entry Topical Term
001 - CONTROL NUMBER
- control field: 42929
003 - CONTROL NUMBER IDENTIFIER
- control field: ARRUPE
005 - DATE AND TIME OF LATEST TRANSACTION
- control field: 20181012120527.0
008 - FIXED-LENGTH DATA ELEMENTS
- fixed length control field: 181012|| aca||aabn | a|a d
040 ## - CATALOGING SOURCE
- Original cataloging agency: ARRUPE
- Transcribing agency: ARRUPE
150 ## - HEADING--TOPICAL TERM
- Topical term or geographic name as entry element: Rural development projects
- Geographic subdivision: Sudan.
670 ## - SOURCE DATA FOUND
- Source citation: Work cat.: (ARRUPE)0: After the famine :, 1986.